00738 2200205 4500001002100000005001700021008004100038035002400079040001200103082000800115090001700123100001000140245015300150260010300303300003600406500002700442504002400469650002100493990001800514YOGYA-0113000000063120130109140134.0 ind  0010-011300000000631 aYOPDYOG a336 aSK 336 Azh K aAZHAR aKontribusi retribusi terminal Umbulharjo terhadap pendapatan asli daerah Kotamadya Yogyakarta Provinsi Daerah Istimewa Yogyakarta/disusun oleh Azhar aYogyakartabSekolah tinggi Ilmu Ekonomi Kerjasama Jurusan Ilmu ekonomi dan Studi Pembangunanc2002 aXIII,74(3)lbrbilus,lampc29 cm askripsi STIE Kerjasama aBibliografi(lbr.75) aRetribusi Daerah a42819-PD/A.12